000 00381nam a22001577a 4500
005 20251108165213.0
008 250721s1992 xx 000 0 ara d
082 1 4 _a956/جما
100 1 _aبدوي، جمال
245 1 0 _aقطايف /
264 1 _aالقاهر :
_c1992.
300 _aج
650 1 7 _aالحلويات المسكرة
942 _2ddc
_cBK
999 _c22060
_d22060